000 00561nam a22001697a 4500
005 20251108164653.0
008 250721s1993 xx 000 0 ara d
082 1 4 _a811.06/أحم
100 1 _aالشاذلي، أحمد حامد عبد الكريم الشريف العروسي
245 1 0 _aديوان قصائد و أناشيد السادة الشاذلية /
264 1 _aالقاهرة :
_bعالم الفكر،
_c1993.
300 _a278 ص
650 1 7 _aالشعر العربي
650 1 7 _aشعر التصوف
942 _2ddc
_cBK
999 _c11413
_d11413